Economics : Principles. Problems. Decisions /
Salvato in:
| Autore principale: | |
|---|---|
| Natura: | Libro |
| Lingua: | inglese |
| Pubblicazione: |
New York :
W.W.Norton & Company,
1989
|
| Edizione: | 6.ed. |
| Soggetti: | |
| Tags: |
Nessun Tag, puoi essere il primo ad aggiungerne!!
|
MARC
| LEADER | 00000nam a22000003a 4500 | ||
|---|---|---|---|
| 001 | stu76545 | ||
| 005 | 20150617225644.0 | ||
| 008 | 020101s1989----xxu-----------------eng-d | ||
| 020 | |a 0-393-95708-X | ||
| 040 | |a STU |b slo | ||
| 041 | 0 | |a eng | |
| 044 | |a xxu | ||
| 080 | |a 33 |7 stu_us_auth*stu7876 | ||
| 100 | 1 | |a Mansfield, Edwin |4 aut | |
| 245 | 1 | |a Economics : |b Principles. Problems. Decisions / |c [aut.] Mansfield,Edwin | |
| 250 | |a 6.ed. | ||
| 260 | |a New York : |b W.W.Norton & Company, |c 1989 | ||
| 300 | |a 756 s : |b 80 s.príl | ||
| 650 | 7 | |a ekonomika |2 stusub | |
| 996 | |b E77834 |c R*77834 |l RRUM |s A |a 24 |w stu76545_0001 | ||